000 02592nam a2200229Ia 4500
999 _c30881
_d30881
003 OSt
005 20220127161949.0
008 160316s2011 xxu||||| |||| 00| 0 eng d
020 _a9788184735215
040 _cNLS
082 _a343.052 AHU-II-2
100 _aAhuja Girish
245 _aA compendium of issues on income tax and wealth tax : A complete guide to frequently asked questions Vol. I
250 _a3rd
260 _aNew Delhi
_bC C H
_c2011
300 _a2246p
_cxi
365 _bRs. 2,250 Set
505 _aContents: Vol.2- 18. Assessment of trusts [Sections 11 to 13]; 19. Taxation of mutual associations; 20. Assessment of companies; 21. Tonnage tax scheme; 22. Taxation of non-residents [Chapters XII and XIIA of income-tax Act]; 23. Return of income and procedure of assessment [Sections 139 to 154]; 24. Search, seizure & survey and special procedure for assessment of search cases [Sections 132, 132A, 132B, 133A, 153C and Sections 158B to 158BH]; 25. Deduction and collection of tax at source [Sections 190 to 206CA i.e. Chapter XVIIA & B]; 26. Advance payment of tax [Sections 207-211, 218 & 219]; 27. Interest payable by/to assessee [Sections 201(1A), 220(2), 234A, 234B, 234C & 244A]; 28. Refunds [Sections 237 to 241 & 245]; 29. Settlement of cases [Sections 245A to 245L]; 30. Advance rulings [Sections 245N to 245V]; 31. Appeals and revision [Sections 246 to 264]; 32. Penalties and prosecutions; 33. Income tax authorities [Sections 116 to 119]; 34. Business reorganisation; 35. Double taxation relief [Sections 90, 90A and 91]; 36. Special provisions relating to avoidance of tax [Chapter X, sections 92 & 93]; 37. Liability in special cases [Chapter XV, Sections 159 to 179]; 38. Collection and recovery of tax [Sections 220 to 230A]; 39. Miscellaneous provisions; 40. Wealth tax; Appendices; 1. Rural agricultural land; 2. Rates of taxation; 3. Direct tax rates for last ten assessment years; 4. Time limit, form & fees for filing an appeal; 5. Interest accrued on certain certificates; 6. Depreciation table; 7. Depreciation table; 8. Gold & silver rates since 1-4-1981; 9. The income-tax (Appellate tribunal) rules, 1963; 10. The authority for advance rulings (Procedure) rules, 1996; 11. Securities transanction tax rules, 2004; 12. Reverse mortgage scheme, 2008; 13. Capital gains accounts scheme, 1988; 14. Bank term deposit scheme, 2006; 15. Tax return preparer scheme, 2006; Table of cases; Section finding list.
650 _a1. Income Tax - Wealth Tax
700 _aGupta Ravi
_a
942 _2ddc
_cBK